Aeroacoustic experiments with twin jets /

Bibliographic Details
Main Author: Bozak, Richard F.
Corporate Authors: NASA Glenn Research Center, AIAA/CEAS Aeroacoustics Conference
Other Authors: Henderson, Brenda S.
Format: Government Document Conference Proceeding eBook
Language:English
Published: Cleveland, Ohio : National Aeronautics and Space Administration, Glenn Research Center, [2012]
Series:NASA technical memorandum ; 217249.
Subjects:
Online Access:https://purl.fdlp.gov/GPO/gpo28440

MARC

Tag First Indicator Second Indicator Subfields
LEADER 00000cam a2200000Ia 4500
001 in00002782695
005 20211120170436.0
006 m d f
007 cr cn|||||||||
008 121101s2012 ohua obt f000 0 eng d
035 |a (OCoLC)ocn815660000 
040 |a GPO  |c GPO  |d MvI  |d UtOrBLW 
049 |a WWW 
074 |a 0830-D (online) 
086 0 |a NAS 1.15:2012-217249 
100 1 |a Bozak, Richard F. 
245 1 0 |a Aeroacoustic experiments with twin jets /  |c Richard F. Bozak and Brenda S. Henderson. 
264 1 |a Cleveland, Ohio :  |b National Aeronautics and Space Administration, Glenn Research Center,  |c [2012] 
300 |a 1 online resource (10 pages) :  |b color illustrations 
336 |a text  |b txt  |2 rdacontent 
337 |a computer  |b c  |2 rdamedia 
338 |a online resource  |b cr  |2 rdacarrier 
490 1 |a NASA/TM ;  |v 2012-217249 
500 |a Title from title screen (viewed on Nov. 1, 2012). 
500 |a "February 2012." 
500 |a "Prepared for the 17th Aeroacoustics Conference cosponsored by the American Institute of Aeronautics and Astronautics and the Confederation of European Aerospace Societies, Portland, Oregon, June 5-8, 2011." 
504 |a Includes bibliographical references (page 10). 
536 |d E-18004 
536 |h WBS 561581.02.08.03.18.16 
500 |a "AIAA-2011-2790." 
500 |a Electronic resource. 
650 7 |a Aeroacoustics.  |2 nasat 
650 7 |a Jet aircraft noise.  |2 nasat 
650 7 |a Jet flow.  |2 nasat 
650 7 |a Sound pressure.  |2 nasat 
650 7 |a Supersonic jet flow.  |2 nasat 
650 7 |a Two dimensional jets.  |2 nasat 
650 7 |a Horizontal flight.  |2 nasat 
700 1 |a Henderson, Brenda S. 
710 2 |a NASA Glenn Research Center. 
711 2 |a AIAA/CEAS Aeroacoustics Conference  |n (17th :  |d 2011 :  |c Portland, Oregon) 
830 0 |a NASA technical memorandum ;  |v 217249. 
856 4 0 |u https://purl.fdlp.gov/GPO/gpo28440  |t 0 
999 |a MARS 
999 f f |s 17a53401-128d-3164-a42c-30069c29a080  |i 6dbac53d-49e9-3d4f-bdbf-11dc49b7c6e4  |t 0 
952 f f |a Texas A&M University  |b College Station  |c Electronic Resources  |d Available Online  |t 0  |e NAS 1.15:2012-217249  |h Superintendent of Documents classification 
998 f f |a NAS 1.15:2012-217249  |t 0  |l Available Online